Book Title Misprints Quiz Stats

 Plays Quiz Updated Nov 23, 2018

Support Sporcle.
Go Orange.
Score 0/30 Timer 03:00
4 Plays Today
Out of Order Missing Word % Correct
The and the Witch Wardrobe theLion
97.1%
The Dragon with the TattooGirl
96.9%
The Rye in theCatcher
94.7%
Sea Under the Thousand TwentyLeagues
91.6%
Fellowship of the TheRing
91.5%
Potter of Azkaban and the HarryPrisoner
90%
Sea Old the and TheMan
85%
Vegas Loathing Fear in Lasand
84.3%
Cristo of The CountMonte
83.5%
Gables of GreenAnne
83.2%
Eden Eastof
81.7%
Fish One Fish Two Fish Fish BlueRed
79.8%
the Things Are WhereWild
77.8%
in A WrinkleTime
75.9%
Dying Lay IAs
70.1%
Out of Order Missing Word % Correct
Man Rich ManPoor
69.3%
Years Solitude of OneHundred
68.1%
Madison Bridges of TheCounty
66.6%
The Dorian of GrayPicture
60.9%
Meet The Heaven People in FiveYou
60.7%
Hungry The CaterpillarVery
59.3%
the Great Glass Charlie andElevator
56.8%
Beedle of The Tales theBard
54.2%
The Doctor of MoreauIsland
43%
Shop The CuriosityOld
40.6%
of Unbearable The BeingLightness
36.4%
All Long for Fish and the So Thanks
29.8%
Electric Sheep Do of Dream?Androids
27%
Tom Loved The Gordon GirlWho
25.5%
for Mr. LookingGoodbar
22.9%

You're not logged in!

Compare scores with friends on all Sporcle quizzes.
OR
Log In
Forgot?

From the Vault

First NASCAR Wins

by cardfan

Sports 7m
You've got to be pretty driven to make it as an auto racer.
Remove Ads.
Support Sporcle.
Get the best of Sporcle when you Go Orange. This ad-free experience offers more features, more stats, and more fun while also helping to support Sporcle. Thank you for becoming a member.

Show Comments

Extras

Top Quizzes Today


Score Distribution

Your Account Isn't Verified!

In order to create a playlist on Sporcle, you need to verify the email address you used during registration. Go to your Sporcle Settings to finish the process.

Report this User

Report this user for behavior that violates our Community Guidelines.

Details: